000 00482nam a22001577a 4500
005 20251108172208.0
008 250721s9999 xx 000 0 ara d
082 1 4 _a634.62/حسا
100 1 _aغالب، حسام حسن علي
245 1 0 _aالنخيل العملي /
264 1 _aبغداد :
_bوزارة التعليم العالي و البحث العلمي،
300 _a409ص : صور توضيحية
650 1 7 _aالنخيل
942 _2ddc
_cBK
999 _c72845
_d72845